Statistics for Panic at the disco: LA devotee

Click here to take the quiz!

General Stats

  • This quiz has been taken 433 times
  • The average score is 12 of 20

Answer Stats

HintAnswers% Correct
you got _____ _______ _____ from loving too hardtwo black eyes
94%
and a black car that matches your _________ _____blackest soul
89%
___________ _______ LA DevoteeJust another
82%
________ ________LA Devoteejust another
82%
________ _______ try to make you leave oh-ohWouldn't ever
78%
wouldn't _________ _____ oh-ohchange ya
75%
I wouldn't ______ __ oh-ohchange ya
75%
Just another ______LA devotee
68%
always on the hunt for a ______ _______ ______Little more time
60%
Just another, just another ______ ___ (X3)oh-oh
59%
The neon coast was _______ _______your sign
59%
Drinking white wine in the _______ _______blushing light
58%
sunsets on the _________ ________evil eye
58%
________ _______ melt your vibeStatic palms
54%
________ _______under desert skiesSwimming pools
51%
I ________ change ya, oh-ohcouldn't
43%
and the _______ ______ with Pices risingMidwest wind
41%
You got _____ _______ eyes from the valley sandbleached out
34%
And the black tar palms keep _____ ______ ______weeping your name
30%
Invisible to the _____ ______hollywood shrien
1%

Score Distribution

Percentile by Number Answered

Percent of People with Each Score

Your Score History

You have not taken this quiz